| 000 | 00370nam a22001457a 4500 | ||
|---|---|---|---|
| 999 |
_c12222 _d12222 |
||
| 008 | 210125b ||||| |||| 00| 0 eng d | ||
| 082 | 0 | 0 |
_a621 _bH6243 |
| 100 |
_91156 _aHibberd, R. G. |
||
| 245 | 1 | 0 |
_aSolid state electronics _cBy R. G. Hibberd |
| 260 |
_aNew-York _bMcGraw Hill _c1968 |
||
| 300 | _a170 p. | ||
| 365 | _d67.12 | ||
| 650 | 0 | _aElectronics | |
| 942 | _cBK | ||